| 000 | 00470nam a2200193Ia 4500 | ||
|---|---|---|---|
| 003 | GCL | ||
| 008 | 140319s9999 xx 000 0 ara d | ||
| 040 |
_aGCL / _cGCL |
||
| 082 | 0 | 4 |
_a920.2 _bم ح |
| 100 | 1 | _aمنى رجب | |
| 245 | 1 | 0 |
_aحياتى فى الف يوم ويوم / _cمنى رجب |
| 300 | _a158 ص | ||
| 490 | _a | ||
| 650 | 0 | 4 | _aتاريخ |
| 650 | 0 | 4 | _aايران |
| 650 | 0 | 4 | _aسيرة ذاتية |
| 650 | 0 | 4 | _aفرح ديبا |
| 942 |
_2ddc _cBK |
||
| 999 |
_c40921 _d40921 |
||